000 00474cam a22001337a 4500
008 180718b1966 xxu||||| |||| 00| 0 eng d
082 _aY26x54 N213d
245 _aDemand for energy in India
_cby National Council of Applied Economic Research
260 _aNew Delhi
_bNational Council of Applied Economic Research
_c1966
300 _a234p.
650 _aElectric Power - India
650 _aEnergy Resources - India
700 _aNational Council of Applied Economic Research
999 _c375313
_d375313